Sadismo y masoquismo en la conducta / (Record no. 70701)
[ view plain ]
| 000 -LEADER | |
|---|---|
| campo de control de longitud fija | 00709nam a2200205 i 4500 |
| 001 - NÚMERO DE CONTROL | |
| campo de control | 70701 |
| 003 - IDENTIFICADOR DE NÚMERO DE CONTROL | |
| campo de control | ES-MaACL |
| 005 - FECHA Y HORA DE LA ÚLTIMA TRANSACCIÓN | |
| campo de control | 20250907063048.0 |
| 007 - CAMPO FIJO DE DESCRIPCIÓN FÍSICA--INFORMACIÓN GENERAL | |
| campo de control de longitud fija | t| |
| 008 - DATOS DE LONGITUD FIJA--INFORMACIÓN GENERAL | |
| campo de control de longitud fija | 040802s1943 ag ||||1| spa d |
| 100 1# - ENTRADA PRINCIPAL--NOMBRE DE PERSONA | |
| Nombre de persona | Garma, Ángel, |
| Fechas asociadas al nombre | 1904-1993 |
| 9 (RLIN) | 55572 |
| 245 10 - MENCIÓN DEL TÍTULO | |
| Título | Sadismo y masoquismo en la conducta / |
| Mención de responsabilidad, etc. | por Angel Garma. |
| 260 ## - PUBLICACIÓN, DISTRIBUCIÓN, ETC. | |
| Lugar de publicación, distribución, etc. | Buenos Aires : |
| Nombre del editor, distribuidor, etc. | Asociación Psicoanalítica Argentina, |
| Fecha de publicación, distribución, etc. | 1943 ( |
| Fabricante | Sebastián de Amorrortu) |
| 300 ## - DESCRIPCIÓN FÍSICA | |
| Extensión | 208 p., 6 lám. ; |
| Dimensiones | 23 cm. |
| 490 1# - MENCIÓN DE SERIE | |
| Mención de serie | Biblioteca de psicoanálisis |
| 710 2# - ENTRADA AGREGADA--NOMBRE DE ENTIDAD CORPORATIVA | |
| Nombre de entidad corporativa o nombre de jurisdicción como elemento de entrada | Asociación Psicoanalítica Argentina. |
| 9 (RLIN) | 1789 |
| 830 0# - PUNTO DE ACCESO ADICIONAL DE SERIE-TÍTULO UNIFORME | |
| Título uniforme | Biblioteca de psicoanálisis |
| 9 (RLIN) | 183688 |
| 852 ## - LOCALIZACIÓN | |
| Ubicación | ES-MaACL |
| Número de control de estantería | B-12212 |
| Sublocalización o colección | R.22260 |
| Estatus retirado | Estado de pérdida | Estado de daño | No para préstamo | Biblioteca de origen | Biblioteca actual | Ubicación en estantería | Fecha de adquisición | Fuente de adquisición | Total de préstamos | Signatura topográfica completa | Código de barras | Visto por última vez | Fecha del último préstamo | Precio de reemplazo | Tipo de ítem Koha |
|---|---|---|---|---|---|---|---|---|---|---|---|---|---|---|---|
| Biblioteca del Ateneo de Madrid | Biblioteca del Ateneo de Madrid | Sala Pardo Bazán | 17/01/2008 | 1 | B-12212 | 1074029 | 05/12/2025 | 03/12/2025 | 23/02/2023 | Libro impreso |
